[Event "zonal 1.5"]
[Site "Yerevan ARM"]
[Date "2000.06.09"]
[Round "3"]
[White "Yegiazarian, Arsen"]
[Black "Jobava, Baadur"]
[Result "0-1"]
[WhiteElo "2513"]
[BlackElo "2430"]
[EventDate "2000.06.07"]
[PlyCount "80"]

1.e4 c5 2.Nf3 d6 3.c3 Nf6 4.Be2 Nbd7 5.d3 g6 6.O-O Bg7 7.Re1 O-O 8.Bf1 b6 
9.d4 Bb7 10.Nbd2 Qc7 11.h3 Rfd8 12.d5 Rf8 13.Qb3 Rae8 14.Bc4 h6 15.a4 Kh7 
16.a5 bxa5 17.Qa2 a4 18.Qxa4 e6 19.dxe6 Nb6 20.Qa5 fxe6 21.Bb5 Re7 22.e5 
dxe5 23.Nxe5 Ne8 24.Ndc4 Nd6 25.Nxd6 Qxd6 26.f4 Bxe5 27.Rxe5 Rf5 28.Bf1 
Nd5 29.Qb5 a6 30.Qc4 Ref7 31.Rxf5 gxf5 32.Ra5 Rc7 33.Kh2 Nf6 34.Be3 Ne4 
35.b4 cxb4 36.Qxb4 Qd1 37.Bxa6 Ng3 38.Bd4 Qh1+ 39.Kxg3 Rg7+ 40.Kh4 Qxg2 
0-1

[Event "zonal 1.5"]
[Site "Yerevan ARM"]
[Date "2000.06.09"]
[Round "3"]
[White "Seitaj, Ilir"]
[Black "Gelashvili, Tamaz"]
[Result "0-1"]
[WhiteElo "2392"]
[BlackElo "2514"]
[EventDate "2000.06.07"]
[PlyCount "92"]

1.d4 d5 2.Nc3 Nf6 3.Bg5 Nbd7 4.Nf3 e6 5.e4 h6 6.Bh4 g5 7.Bg3 Nxe4 8.Nxe4 
dxe4 9.Nd2 f5 10.Bc4 Nf6 11.Be5 Bd6 12.Bb5+ Kf7 13.Qe2 Bxe5 14.dxe5 Nd5 
15.O-O-O Qe7 16.g3 a6 17.Bc4 b5 18.Bxd5 exd5 19.f4 c5 20.Rdf1 Kg7 21.g4 
fxg4 22.h4 gxf4 23.Rxf4 Rf8 24.Rxf8 Qxf8 25.Rf1 Qe7 26.Qe3 Qxe5 27.Qxc5 
Bd7 28.Qf2 Be6 29.Qc5 Bf5 30.Nb3 g3 31.Nd4 Bh3 32.Nc6 Qc7 33.Rg1 Qf4+ 34.
Kb1 Rf8 35.a4 g2 36.Ka2 e3 37.Nd4 Kh7 38.axb5 axb5 39.Qxd5 Qf7 40.Qxf7+ 
Rxf7 41.Kb3 Rf1 42.Ne2 Rf2 43.Nd4 e2 44.Kc3 e1=Q+ 45.Rxe1 Rf1 46.Re7+ Kg8 
0-1

[Event "zonal 1.5"]
[Site "Yerevan ARM"]
[Date "2000.06.09"]
[Round "3"]
[White "Izoria, Zviad"]
[Black "Tosic, Miroslav"]
[Result "1/2-1/2"]
[WhiteElo "2372"]
[BlackElo "2503"]
[EventDate "2000.06.07"]
[PlyCount "97"]

1.c4 c5 2.Nf3 b6 3.d4 cxd4 4.Nxd4 Bb7 5.Nc3 Nf6 6.f3 a6 7.e4 d6 8.Be2 Nbd7
9.Be3 e6 10.O-O Be7 11.a4 Qb8 12.a5 Bd8 13.axb6 Bxb6 14.Na4 Ba7 15.b4 O-O 
16.Qd2 Rd8 17.Rfc1 Nc5 18.Rcb1 Qc8 19.Nb3 Nxa4 20.Bxa7 Rxa7 21.Rxa4 e5 22.
Qe3 Ra8 23.Na5 Bc6 24.Ra3 Be8 25.b5 axb5 26.cxb5 d5 27.b6 Rb8 28.b7 Qe6 
29.exd5 Nxd5 30.Qb3 Qf6 31.Bf1 Nf4 32.Qb6 Qg5 33.Kh1 h5 34.Qe3 h4 35.Nc4 
f6 36.Raa1 Bg6 37.Rb2 Kh7 38.Na5 Be8 39.Qe4+ Kh6 40.Nc6 f5 41.Qc4 Bxc6 42.
Qxc6+ g6 43.Re1 Nh5 44.Qc1 f4 45.Rb5 Re8 46.Qb2 Re7 47.Rexe5 Rxe5 48.Rxe5 
Qd8 49.Be2 1/2-1/2

[Event "zonal 1.5"]
[Site "Yerevan ARM"]
[Date "2000.06.09"]
[Round "3"]
[White "Karkanaque, Ilir"]
[Black "Dervishi, Erald"]
[Result "1/2-1/2"]
[WhiteElo "2389"]
[BlackElo "2478"]
[EventDate "2000.06.07"]
[PlyCount "39"]

1.d4 Nf6 2.Nf3 e6 3.g3 d5 4.Bg2 Be7 5.O-O O-O 6.c4 b6 7.Nc3 Bb7 8.Ne5 Na6 
9.Qa4 Qe8 10.Qxe8 Rfxe8 11.cxd5 exd5 12.Bg5 Ne4 13.Bxe7 Rxe7 14.e3 Rd8 15.
Nd3 c5 16.dxc5 bxc5 17.Rfd1 g5 18.Rac1 c4 19.Ne1 f5 20.Nxe4 1/2-1/2

[Event "zonal 1.5"]
[Site "Yerevan ARM"]
[Date "2000.06.09"]
[Round "3"]
[White "Gurcan, Selim"]
[Black "Antic, Dejan"]
[Result "0-1"]
[WhiteElo "2307"]
[BlackElo "2491"]
[EventDate "2000.06.07"]
[PlyCount "141"]

1.e4 e6 2.d4 d5 3.Nc3 Nf6 4.Bg5 dxe4 5.Nxe4 Nbd7 6.Nf3 h6 7.Bh4 c5 8.Nxc5 
Nxc5 9.dxc5 Qa5+ 10.c3 Qxc5 11.Bd3 Be7 12.Qe2 O-O 13.Ne5 Rd8 14.O-O Bd7 
15.Rfe1 Be8 16.Kh1 a6 17.f4 Nd5 18.Bf2 Qc7 19.Qe4 Nf6 20.Qf3 Bb5 21.c4 Bc6
22.Qh3 Bf8 23.Bh4 Rd4 24.f5 Re8 25.Bxf6 gxf6 26.Ng4 Bg7 27.fxe6 Rxe6 28.
Rf1 Qd6 29.Rad1 f5 30.Nf2 Rg6 31.Rg1 Rg5 32.Be2 Rxd1 33.Rxd1 Qc5 34.Nd3 
Qxc4 35.Bf3 Qc2 36.Nb4 Qxb2 37.Nxc6 bxc6 38.Bxc6 Qxa2 39.Qe3 Qc4 40.Qe8+ 
Kh7 41.Bd5 Qc2 42.Rg1 Bd4 43.Rf1 Rg7 44.Qd7 f6 45.Qd8 Qe2 46.Rb1 Be5 47.
Bf3 Qe3 48.Rf1 Qg5 49.Qc8 a5 50.Qc2 Rc7 51.Qb1 Kg7 52.Qa2 Rc1 53.Qe2 a4 
54.g3 Rxf1+ 55.Qxf1 a3 56.Qb1 Bb2 57.Kg2 Qd2+ 58.Kh3 Qd7 59.Qa2 f4+ 60.Bg4
f5 61.Bf3 fxg3 62.hxg3 Qf7 63.Bd5 Qh5+ 64.Kg2 Qe2+ 65.Kh3 Qg4+ 66.Kh2 h5 
67.Qb3 h4 68.Qb7+ Kf6 69.gxh4 Be5+ 70.Kh1 Qh3+ 71.Kg1 0-1

[Event "zonal 1.5"]
[Site "Yerevan ARM"]
[Date "2000.06.09"]
[Round "3"]
[White "Khachian, Melikset"]
[Black "Sendur, Adnan"]
[Result "1-0"]
[WhiteElo "2462"]
[BlackElo "2335"]
[EventDate "2000.06.07"]
[PlyCount "93"]

1.Nf3 Nf6 2.g3 c5 3.Bg2 Nc6 4.O-O d5 5.d4 cxd4 6.Nxd4 Bd7 7.c4 dxc4 8.Nxc6
Bxc6 9.Bxc6+ bxc6 10.Qa4 Qb6 11.Na3 e6 12.Be3 Qb7 13.Nxc4 Nd5 14.Bd4 f6 
15.e4 Nb6 16.Nxb6 axb6 17.Qb3 Kf7 18.Qxb6 Qxb6 19.Bxb6 Rb8 20.Bd4 Rb4 21.
Rfd1 e5 22.Bc3 Rb8 23.Rd7+ Be7 24.Rad1 Ke6 25.f4 exf4 26.gxf4 g6 27.f5+ 
gxf5 28.exf5+ Kf7 29.Re1 Rhg8+ 30.Kf2 Rge8 31.Kf3 Rb5 32.Kf4 Rd5 33.Rb7 
Kf8 34.Re6 Rd1 35.a4 Rf1+ 36.Ke4 Bd6 37.Rxe8+ Kxe8 38.a5 Bxh2 39.a6 Rf4+ 
40.Kd3 Bg1 41.a7 Bxa7 42.Rxa7 h5 43.Bxf6 Rxf5 44.Bd4 Rd5 45.Kc4 Rf5 46.Rc7
h4 47.Rh7 1-0

[Event "zonal 1.5"]
[Site "Yerevan ARM"]
[Date "2000.06.09"]
[Round "3"]
[White "Atakisi, Umut"]
[Black "Erdogan, Hakan"]
[Result "1-0"]
[WhiteElo "2274"]
[BlackElo "2316"]
[EventDate "2000.06.07"]
[PlyCount "81"]

1.e4 c5 2.Nf3 d6 3.d4 cxd4 4.Nxd4 Nf6 5.Nc3 g6 6.Be3 Bg7 7.f3 Nc6 8.Qd2 
Bd7 9.O-O-O a6 10.g4 b5 11.h4 h5 12.g5 Nh7 13.f4 O-O 14.Kb1 Re8 15.Nxc6 
Bxc6 16.Bg2 Qa5 17.e5 Rac8 18.Bxc6 Rxc6 19.Qd5 Rec8 20.f5 Rxc3 21.Bd2 R3c5
22.Bxa5 Rxd5 23.Rxd5 Bxe5 24.fxg6 fxg6 25.Rd3 Rc4 26.b3 Rc6 27.Rf1 Bg7 28.
Bd8 e6 29.Be7 d5 30.Ba3 d4 31.c3 e5 32.cxd4 exd4 33.Bb2 Rd6 34.Rfd1 Re6 
35.Bxd4 Bf8 36.Re3 Rd6 37.Re4 Rd7 38.Rc1 Ba3 39.Rc6 Nf8 40.Rxa6 Bd6 41.Ra7
1-0

[Event "zonal 1.5"]
[Site "Yerevan ARM"]
[Date "2000.06.10"]
[Round "4"]
[White "Antic, Dejan"]
[Black "Aronian, Levon"]
[Result "1/2-1/2"]
[WhiteElo "2491"]
[BlackElo "2587"]
[EventDate "2000.06.07"]
[PlyCount "88"]

1.d4 Nf6 2.c4 c6 3.Nf3 d6 4.Nc3 Nbd7 5.e4 e5 6.Be2 Be7 7.O-O O-O 8.Be3 a6 
9.d5 cxd5 10.cxd5 b5 11.Nd2 Qc7 12.Rc1 Qb8 13.b4 Nb6 14.Nb3 Bd7 15.Na5 Rc8
16.Qd2 Bd8 17.f3 h6 18.Nb1 Ra7 19.Rxc8 Qxc8 20.Rc1 Rc7 21.Nc3 Qb8 22.Nd1 
Na4 23.Nc3 Nb6 24.g3 Rc8 25.Bf1 Nh7 26.h4 Nf8 27.Kh2 Ng6 28.Nd1 Ne7 29.Bf2
Na4 30.Nb2 Nxb2 31.Qxb2 Rxc1 32.Qxc1 Bb6 33.Bxb6 Qxb6 34.Qd2 Kf8 35.f4 
exf4 36.gxf4 Ng6 37.h5 Nh4 38.Bg2 Qd8 39.Nc6 Qf6 40.Bh1 g5 41.Kg3 gxf4+ 
42.Qxf4 Qc3+ 43.Kf2 Qb2+ 44.Kg3 Qc3+ 1/2-1/2

[Event "zonal 1.5"]
[Site "Yerevan ARM"]
[Date "2000.06.10"]
[Round "4"]
[White "Jobava, Baadur"]
[Black "Minasian, Artashes"]
[Result "0-1"]
[WhiteElo "2430"]
[BlackElo "2598"]
[EventDate "2000.06.07"]
[PlyCount "110"]

1.d4 c5 2.d5 g6 3.e4 Bg7 4.Nc3 d6 5.a4 Nf6 6.Bb5+ Nbd7 7.Nf3 O-O 8.O-O a6 
9.Be2 b6 10.Nd2 Bb7 11.Re1 Qc7 12.Nc4 Rfe8 13.Bf4 Rad8 14.Ra3 Ne5 15.Nxe5 
dxe5 16.Bg5 c4 17.Bf1 h6 18.Bxf6 Bxf6 19.Qe2 Rc8 20.g3 Qd6 21.Bh3 Rc7 22.
Rea1 Qb4 23.Nd1 Bg5 24.Rc3 b5 25.Rca3 Qc5 26.axb5 axb5 27.Ra5 Qb6 28.Ne3 
h5 29.c3 Rd8 30.b4 cxb3 31.Rxb5 Ba6 32.Rxb6 Bxe2 33.Rxb3 Bxe3 34.fxe3 Bd3 
35.Bg2 Rdc8 36.Rc1 Rc4 37.Rb7 Kf8 38.Rb3 Bxe4 39.Bxe4 Rxe4 40.Kf2 Rec4 41.
Ke2 e4 42.Kf2 R4c5 43.Rb4 Rxd5 44.Rd4 Rf5+ 45.Ke2 Ra5 46.Rxe4 Ra2+ 47.Kd3 
Rxh2 48.c4 Rg2 49.c5 Rxg3 50.c6 Rg5 51.Rb4 Rd5+ 52.Ke4 Rd6 53.c7 Ke8 54.
Rbc4 Kd7 55.Rc5 Rd2 0-1

[Event "zonal 1.5"]
[Site "Yerevan ARM"]
[Date "2000.06.10"]
[Round "4"]
[White "Tosic, Miroslav"]
[Black "Halkias, Stelios"]
[Result "1-0"]
[WhiteElo "2500"]
[BlackElo "2480"]
[EventDate "2000.06.07"]
[PlyCount "49"]

1.d4 Nf6 2.Nf3 c5 3.e3 d5 4.c4 e6 5.a3 a6 6.dxc5 Bxc5 7.b4 Ba7 8.Bb2 O-O 
9.Nbd2 Nc6 10.Bd3 e5 11.Nxe5 Nxe5 12.Bxe5 Ng4 13.Bg3 Bxe3 14.Nf3 dxc4 15.
Bxc4 Qf6 16.O-O Bf4 17.Bxf4 Qxf4 18.Qc1 Qf6 19.Re1 Qb6 20.Ra2 a5 21.Qf4 
Nf6 22.Ng5 Bd7 23.Rd2 axb4 24.Rd6 Qa5 25.Rxf6 1-0

[Event "zonal 1.5"]
[Site "Yerevan ARM"]
[Date "2000.06.10"]
[Round "4"]
[White "Sturua, Zurab"]
[Black "Izoria, Zviad"]
[Result "0-1"]
[WhiteElo "2595"]
[BlackElo "2372"]
[EventDate "2000.06.07"]
[PlyCount "112"]

1.c4 e5 2.Nc3 Nf6 3.Nf3 Nc6 4.e3 Bb4 5.Qc2 Bxc3 6.Qxc3 Qe7 7.d3 d5 8.Be2 
O-O 9.O-O e4 10.Nd2 Bf5 11.dxe4 dxe4 12.b3 Rad8 13.Bb2 Nb4 14.f3 exf3 15.
Rxf3 Bg6 16.Nf1 Rfe8 17.Ng3 Nd3 18.Bxd3 Rxd3 19.Qa5 Rxe3 20.Bxf6 gxf6 21.
Qd2 Qc5 22.Rxe3 Rxe3 23.Qf2 Qe5 24.Rd1 Kg7 25.Rf1 c6 26.Nf5+ Bxf5 27.Qxf5 
Qxf5 28.Rxf5 Re5 29.Rf3 Re2 30.a3 a5 31.c5 Rc2 32.b4 axb4 33.axb4 Rc4 34.
Rg3+ Kh6 35.Rb3 Kg5 36.Kf1 f5 37.Ke2 Rc2+ 38.Kf3 Kf6 39.Rb1 Rc4 40.Ke3 Ke5
41.Kd3 Kd5 42.Rb2 f4 43.Ke2 Ke4 44.b5 Rxc5 45.bxc6 bxc6 46.Rb7 Rf5 47.Rb4+
Kd5 48.Rb8 c5 49.Rh8 Rh5 50.h3 c4 51.Kd2 Kd4 52.Rd8+ Rd5 53.Rg8 h6 54.h4 
Rh5 55.Rg4 Ke5 56.g3 Rf5 0-1

[Event "zonal 1.5"]
[Site "Yerevan ARM"]
[Date "2000.06.10"]
[Round "4"]
[White "Nalbandian, Tigran"]
[Black "Bagaturov, Giorgi"]
[Result "1/2-1/2"]
[WhiteElo "2448"]
[BlackElo "2501"]
[EventDate "2000.06.07"]
[PlyCount "141"]

1.Nf3 Nf6 2.c4 g6 3.b3 Bg7 4.Bb2 O-O 5.g3 d6 6.d4 c6 7.Bg2 a6 8.O-O b5 9.
Nbd2 Bb7 10.e4 Nfd7 11.Qc2 e5 12.dxe5 dxe5 13.a4 Re8 14.b4 bxa4 15.c5 a5 
16.Nc4 axb4 17.Nd6 Ba6 18.Rxa4 Bxf1 19.Rxa8 Bxg2 20.Kxg2 Rf8 21.Ra7 Qe7 
22.h4 Qe6 23.h5 Qg4 24.hxg6 hxg6 25.Qc4 Bf6 26.Qxb4 Qe6 27.Qc4 Qxc4 28.
Nxc4 Re8 29.Ba3 Re6 30.Nb6 Re7 31.Ra8 Kg7 32.Nd2 Re6 33.Ra7 Nf8 34.Bb2 Be7
35.Ndc4 f6 36.Nd5 Nfd7 37.Nc7 Kf7 38.Nxe6 Kxe6 39.Ba3 Bxc5 40.Bxc5 Nxc5 
41.Ra8 Ncd7 42.Kf3 f5 43.Ke3 Kf6 44.exf5 gxf5 45.f4 e4 46.Ra1 Ke7 47.Ra8 
Ke6 48.Ra5 c5 49.Ra8 Kd5 50.Nb2 Nc6 51.Nd1 Nb6 52.Rf8 Nc4+ 53.Kf2 Ke6 54.
Re8+ Kd7 55.Ra8 Nb4 56.Ke2 Nd5 57.Ra4 Ncb6 58.Ra6 Nc4 59.Ra1 Kc6 60.Rc1 
Nd6 61.Ne3 Nxe3 62.Kxe3 Kd5 63.Rd1+ Ke6 64.Rh1 Nc4+ 65.Ke2 Nd6 66.Kd2 Kd5 
67.Rd1 c4 68.Ke3+ Kc5 69.Rc1 Kd5 70.Rd1+ Kc5 71.Rc1 1/2-1/2

[Event "zonal 1.5"]
[Site "Yerevan ARM"]
[Date "2000.06.10"]
[Round "4"]
[White "Dervishi, Erald"]
[Black "Atakisi, Umut"]
[Result "1-0"]
[WhiteElo "2478"]
[BlackElo "2274"]
[EventDate "2000.06.07"]
[PlyCount "85"]

1.e4 c5 2.Nf3 Nc6 3.d4 cxd4 4.Nxd4 Nf6 5.Nc3 e5 6.Ndb5 d6 7.Bg5 a6 8.Na3 
b5 9.Nd5 Be7 10.Bxf6 Bxf6 11.c3 Ne7 12.Nxf6+ gxf6 13.g3 Bb7 14.Bg2 f5 15.
Qe2 O-O 16.Nc2 Qb6 17.O-O-O Rac8 18.Kb1 Rc4 19.Qd2 Bxe4 20.Bxe4 Rxe4 21.f3
Rc4 22.Qg5+ Ng6 23.Ne3 Rc6 24.Nd5 Qd8 25.Qxf5 f6 26.Rd3 Kh8 27.Rhd1 Ne7 
28.Qe6 Nc8 29.g4 a5 30.f4 Qe8 31.Qxe8 Rxe8 32.Nxf6 Re6 33.fxe5 Rxe5 34.Rf3
Re2 35.Nh5 h6 36.Rf8+ Kh7 37.Rf7+ Kg8 38.Rg7+ Kf8 39.Rf1+ Ke8 40.Rb7 Ne7 
41.Rxb5 a4 42.Rb7 Ng6 43.Nf6+ 1-0

[Event "zonal 1.5"]
[Site "Yerevan ARM"]
[Date "2000.06.11"]
[Round "5"]
[White "Minasian, Artashes"]
[Black "Asrian, Karen"]
[Result "1/2-1/2"]
[WhiteElo "2598"]
[BlackElo "2572"]
[EventDate "2000.06.07"]
[PlyCount "80"]

1.e4 c6 2.d4 d5 3.e5 Bf5 4.Nf3 e6 5.a3 Ne7 6.Be2 h6 7.O-O Nd7 8.Nbd2 Bh7 
9.b3 c5 10.dxc5 Nxc5 11.b4 Nd7 12.Bb2 g5 13.c4 Bg7 14.cxd5 Nxd5 15.Nc4 O-O
16.Bd3 Bxd3 17.Qxd3 b5 18.Ne3 Nxe3 19.Qxe3 g4 20.Nd2 Qg5 21.Qxg5 hxg5 22.
Rfe1 Rfd8 23.Nb3 Nb6 24.Bd4 Nc4 25.Re4 a5 26.bxa5 Nxa5 27.Nxa5 Rxa5 28.Bc3
Ra4 29.Bb4 Kh7 30.Rae1 Rd3 31.R1e3 Rd1+ 32.Re1 Rxe1+ 33.Rxe1 Kg6 34.h3 
gxh3 35.g4 Ra8 36.Kh2 Rd8 37.Bd6 f6 38.exf6 Bxf6 39.Bb4 Rd3 40.Rxe6 Kf7 
1/2-1/2

[Event "zonal 1.5"]
[Site "Yerevan ARM"]
[Date "2000.06.11"]
[Round "5"]
[White "Kotronias, Vasilios"]
[Black "Ilincic, Zlatko"]
[Result "1-0"]
[WhiteElo "2539"]
[BlackElo "2554"]
[EventDate "2000.06.07"]
[PlyCount "55"]

1.e4 c5 2.Nf3 d6 3.d4 cxd4 4.Nxd4 Nf6 5.Nc3 a6 6.Bg5 e6 7.f4 Qb6 8.Qd2 
Qxb2 9.Nb3 Qa3 10.Bxf6 gxf6 11.Be2 h5 12.O-O Nd7 13.f5 Nc5 14.Kh1 Bd7 15.
Rab1 b5 16.fxe6 fxe6 17.e5 dxe5 18.Nxc5 Bxc5 19.Ne4 Be7 20.Rb3 Qxa2 21.
Nxf6+ Bxf6 22.Rxf6 Rc8 23.Bd1 e4 24.Rf1 Rg8 25.Qd6 Kd8 26.Rg3 Re8 27.Rg7 
Rc7 28.Rff7 1-0

[Event "zonal 1.5"]
[Site "Yerevan ARM"]
[Date "2000.06.11"]
[Round "5"]
[White "Bagaturov, Giorgi"]
[Black "Banikas, Hristos"]
[Result "0-1"]
[WhiteElo "2501"]
[BlackElo "2535"]
[EventDate "2000.06.07"]
[PlyCount "76"]

1.d4 Nf6 2.c4 g6 3.Nf3 Bg7 4.g3 O-O 5.Bg2 d6 6.Nc3 c6 7.O-O Qa5 8.e4 e5 9.
h3 Nbd7 10.Re1 exd4 11.Nxd4 Ne5 12.Bf1 Re8 13.Be3 Be6 14.Nxe6 Rxe6 15.Kg2 
Rae8 16.f3 a6 17.Qb3 b5 18.c5 Nc4 19.Bf2 d5 20.Bxc4 dxc4 21.Qc2 Nd7 22.Ne2
Qb4 23.Nd4 Bxd4 24.Bxd4 Nxc5 25.Bc3 Qa4 26.Qe2 Nd3 27.Red1 f5 28.e5 b4 29.
b3 Qa3 30.Bd4 c5 31.bxc4 Nxe5 32.Bb2 Nf7 33.Qf2 Qe3 34.Bc1 Qxf2+ 35.Kxf2 
Re2+ 36.Kf1 Rh2 37.Bf4 g5 38.Bc7 Ree2 0-1

[Event "zonal 1.5"]
[Site "Yerevan ARM"]
[Date "2000.06.11"]
[Round "5"]
[White "Aronian, Levon"]
[Black "Nalbandian, Tigran"]
[Result "1/2-1/2"]
[WhiteElo "2587"]
[BlackElo "2448"]
[EventDate "2000.06.07"]
[PlyCount "88"]

1.e4 Nf6 2.e5 Nd5 3.Nf3 d6 4.d4 c6 5.Be2 dxe5 6.Nxe5 Nd7 7.Nf3 g6 8.c4 Nc7
9.Nc3 Bg7 10.O-O O-O 11.Re1 c5 12.dxc5 Nxc5 13.Bg5 Qxd1 14.Nxd1 Re8 15.Rc1
Bg4 16.Be3 N7e6 17.b4 Bxf3 18.gxf3 Na6 19.a3 Nd4 20.Nc3 Nxe2+ 21.Rxe2 Nc7 
22.Nb5 Nxb5 23.cxb5 Be5 24.Bxa7 Bxh2+ 25.Kxh2 Rxa7 26.Rc7 Rxa3 27.Kg2 Rb3 
28.Re4 b6 29.Rb7 Kg7 30.Rxb6 Rd8 31.Rb7 e5 32.Rxe5 Rxb4 33.Re4 Rdd4 34.
Rxd4 Rxd4 35.Kg3 Rb4 36.Kg2 h5 37.Kg3 g5 38.Rb6 f6 39.Rb8 Kg6 40.b6 h4+ 
41.Kg2 Kf5 42.b7 Rb2 43.Kh3 Rb4 44.Kh2 Rb2 1/2-1/2

[Event "zonal 1.5"]
[Site "Yerevan ARM"]
[Date "2000.06.11"]
[Round "5"]
[White "Izoria, Zviad"]
[Black "Lputian, Smbat"]
[Result "1/2-1/2"]
[WhiteElo "2372"]
[BlackElo "2605"]
[EventDate "2000.06.07"]
[PlyCount "43"]

1.Nf3 Nf6 2.c4 e6 3.Nc3 d5 4.d4 Be7 5.Bg5 h6 6.Bh4 O-O 7.e3 b6 8.Bd3 Bb7 
9.O-O Nbd7 10.Qe2 Ne4 11.Bg3 Ndf6 12.cxd5 Nxc3 13.bxc3 exd5 14.c4 c5 15.
Rfd1 Ne4 16.Rac1 cxd4 17.Bxe4 dxe4 18.Nxd4 Qc8 19.Nb5 Qc6 20.Bd6 Bxd6 21.
Nxd6 Rfd8 22.c5 1/2-1/2

[Event "zonal 1.5"]
[Site "Yerevan ARM"]
[Date "2000.06.11"]
[Round "5"]
[White "Nikolaidis, Ioannis"]
[Black "Jobava, Baadur"]
[Result "1-0"]
[WhiteElo "2530"]
[BlackElo "2430"]
[EventDate "2000.06.07"]
[PlyCount "117"]

1.d4 Nf6 2.c4 g6 3.Nc3 Bg7 4.e4 d6 5.h3 O-O 6.Bg5 h6 7.Be3 e5 8.d5 Na6 9.
Bd3 Nh5 10.Nge2 f5 11.exf5 gxf5 12.Ng3 Nxg3 13.fxg3 f4 14.gxf4 exf4 15.Bf2
Nc5 16.Bxc5 dxc5 17.O-O Qh4 18.Qf3 h5 19.Ne2 Bg4 20.hxg4 hxg4 21.g3 gxf3 
22.gxh4 fxe2 23.Bxe2 Rae8 24.Bf3 Re3 25.Rae1 Bxb2 26.Rxe3 Bd4 27.Kg2 fxe3 
28.Be2 Rd8 29.Rb1 Rd6 30.Rxb7 Rf6 31.Bf3 Rg6+ 32.Kf1 Rf6 33.Kg2 e2 34.Rb8+
Kf7 35.Bh5+ Kg7 36.Re8 Rf2+ 37.Kh3 e1=Q 38.Rxe1 Rxa2 39.Re7+ Kh6 40.Bf3 
Kg6 41.Rxc7 Be5 42.Be4+ Kf6 43.Rc6+ Kf7 44.Re6 Bf6 45.h5 Ra4 46.Kg4 Rxc4 
47.Kf5 Bd8 48.h6 Rc3 49.h7 Rh3 50.Kg4 Rh4+ 51.Kg3 c4 52.Rd6 Bg5 53.Rd7+ 
Kf6 54.Rd8 Ke5 55.Re8+ Kd4 56.d6 Bf6 57.d7 Rh5 58.Bg6 Rg5+ 59.Kf3 1-0

[Event "zonal 1.5"]
[Site "Yerevan ARM"]
[Date "2000.06.11"]
[Round "5"]
[White "Khachian, Melikset"]
[Black "Antic, Dejan"]
[Result "1-0"]
[WhiteElo "2462"]
[BlackElo "2491"]
[EventDate "2000.06.07"]
[PlyCount "129"]

1.Nf3 Nf6 2.g3 c5 3.Bg2 Nc6 4.O-O e5 5.e4 d6 6.Re1 Be7 7.c3 O-O 8.h3 Qb6 
9.Na3 Re8 10.Nc4 Qc7 11.Ne3 Bf8 12.Nd5 Nxd5 13.exd5 Ne7 14.c4 b5 15.Nxe5 
Bb7 16.Ng4 bxc4 17.Ne3 g6 18.b3 Bg7 19.Rb1 cxb3 20.Qxb3 Rab8 21.Bb2 Ba6 
22.Qa3 Bxb2 23.Rxb2 Rxb2 24.Qxb2 Nf5 25.Bf1 Nxe3 26.Bxa6 Rb8 27.Qf6 Nxd5 
28.Qg5 Nb4 29.Bc4 d5 30.Bxd5 Nxd5 31.Qxd5 Qd8 32.Qe5 Qb6 33.h4 h5 34.a4 
Rd8 35.Qg5 Rf8 36.Re7 a6 37.Qf4 Qc6 38.Kh2 Qd5 39.Re5 Qd6 40.Qe3 Rc8 41.a5
c4 42.Qc3 Qc6 43.Qd4 Qf3 44.Rd5 Re8 45.Rd6 Rb8 46.Rf6 Qd3 47.Qf4 Rf8 48.
Rxa6 c3 49.Rd6 Qb5 50.dxc3 Qxa5 51.Qd4 Rc8 52.c4 Qa4 53.Qd5 Qc2 54.Rf6 Rc7
55.Rxg6+ Qxg6 56.Qd8+ Kg7 57.Qxc7 Qc2 58.Qc5 f6 59.Qd4 Kg6 60.Kg2 Kg7 61.
c5 Kg6 62.Qd5 Kh6 63.c6 Kg6 64.Qe6 Qc5 65.Qe8+ 1-0

[Event "zonal 1.5"]
[Site "Yerevan ARM"]
[Date "2000.06.11"]
[Round "5"]
[White "Halkias, Stelios"]
[Black "Karkanaque, Ilir"]
[Result "1-0"]
[WhiteElo "2482"]
[BlackElo "2389"]
[EventDate "2000.06.07"]
[PlyCount "79"]

1.d4 Nf6 2.c4 e6 3.Nf3 b6 4.Nc3 Bb7 5.a3 Ne4 6.Nxe4 Bxe4 7.Bf4 Be7 8.e3 d6
9.Bd3 Bxd3 10.Qxd3 Nd7 11.g4 c5 12.g5 Rc8 13.Rd1 O-O 14.h4 b5 15.cxb5 Qa5+
16.Kf1 c4 17.Qc2 Qxb5 18.Kg2 Rb8 19.Rd2 Rfc8 20.e4 Qb3 21.Rc1 a5 22.d5 e5 
23.Be3 Qb5 24.Qd1 Bd8 25.Rdc2 Bb6 26.Bd2 Bd4 27.Nxd4 exd4 28.Bf4 Qc5 29.
Rxc4 Qxc4 30.Rxc4 Rxc4 31.Qd3 Rbc8 32.Bxd6 f6 33.Qh3 Nf8 34.gxf6 gxf6 35.
Qg4+ Kf7 36.Qh5+ Kg8 37.Qg4+ Kf7 38.e5 fxe5 39.Qf5+ Kg8 40.Qg5+ 1-0

[Event "zonal 1.5"]
[Site "Yerevan ARM"]
[Date "2000.06.11"]
[Round "5"]
[White "Yegiazarian, Arsen"]
[Black "Sendur, Adnan"]
[Result "1-0"]
[WhiteElo "2513"]
[BlackElo "2335"]
[EventDate "2000.06.07"]
[PlyCount "65"]

1.e4 e5 2.Nf3 Nf6 3.Nc3 Nc6 4.d4 exd4 5.Nxd4 Bb4 6.Nxc6 bxc6 7.Bd3 d5 8.
exd5 cxd5 9.O-O O-O 10.Bg5 c6 11.Ne2 Bd7 12.Nd4 Be7 13.Re1 c5 14.Nf5 Bxf5 
15.Bxf5 Rb8 16.b3 h6 17.Bh4 g5 18.Bg3 Bd6 19.Qf3 Qc7 20.Qc3 Kg7 21.Be5 
Bxe5 22.Rxe5 Kg8 23.h4 Rfe8 24.Rxe8+ Nxe8 25.hxg5 hxg5 26.Re1 Qf4 27.Bd3 
c4 28.g3 Qc7 29.bxc4 dxc4 30.Bxc4 Nd6 31.Qe5 Qxc4 32.Qxd6 Qb4 33.Re8+ 1-0

[Event "zonal 1.5"]
[Site "Yerevan ARM"]
[Date "2000.06.11"]
[Round "5"]
[White "Atakisi, Umut"]
[Black "Seitaj, Ilir"]
[Result "1/2-1/2"]
[WhiteElo "2274"]
[BlackElo "2392"]
[EventDate "2000.06.07"]
[PlyCount "143"]

1.e4 e5 2.Nf3 Nc6 3.Bb5 f5 4.Nc3 fxe4 5.Nxe4 d5 6.Nxe5 dxe4 7.Nxc6 Qd5 8.
c4 Qd6 9.Qh5+ g6 10.Qe5+ Qxe5 11.Nxe5+ c6 12.Ba4 Bg7 13.d4 exd3 14.Bf4 Nf6
15.Nxd3 Bf5 16.O-O-O O-O-O 17.Bc2 Rd4 18.Be5 Rxc4 19.f3 Rd8 20.Kb1 Ne8 21.
Bxg7 Nxg7 22.g4 Bxd3 23.Rxd3 Rxd3 24.Bxd3 Rf4 25.Rf1 Ne6 26.Kc1 Rd4 27.Kc2
Nf4 28.Be4 Kc7 29.h4 h6 30.Re1 b5 31.h5 gxh5 32.gxh5 Nxh5 33.Rh1 Ng3 34.
Rxh6 Nxe4 35.fxe4 Rxe4 36.a3 a5 37.Rg6 Kb6 38.Rg5 Rc4+ 39.Kb3 Rc5 40.Rg6 
a4+ 41.Ka2 Rc1 42.Rg5 Rd1 43.Rh5 Rd5 44.Rh3 Kc5 45.Rh6 Re5 46.Rh1 Re4 47.
Rh6 Kd5 48.Rh1 c5 49.Rd1+ Rd4 50.Rh1 Rd2 51.Rh4 c4 52.Rh5+ Kc6 53.Rh8 Rd5 
54.Kb1 Kc5 55.Kc2 Re5 56.Rc8+ Kd4 57.Rd8+ Rd5 58.Re8 Rd6 59.Rh8 Kc5 60.
Rc8+ Rc6 61.Rh8 Rg6 62.Rc8+ Kb6 63.Rb8+ Kc6 64.Rc8+ Kb7 65.Rc5 Kb6 66.Rc8 
Rg2+ 67.Kb1 Rg3 68.Rb8+ Kc6 69.Kc2 Rb3 70.Rh8 Kb6 71.Rh6+ Ka5 72.Rc6 
1/2-1/2

[Event "zonal 1.5"]
[Site "Yerevan ARM"]
[Date "2000.06.11"]
[Round "5"]
[White "Erdogan, Hakan"]
[Black "Gurcan, Selim"]
[Result "1/2-1/2"]
[WhiteElo "2316"]
[BlackElo "2307"]
[EventDate "2000.06.07"]
[PlyCount "153"]

1.d4 Nf6 2.c4 g6 3.Nc3 Bg7 4.e4 d6 5.f3 O-O 6.Be3 Nbd7 7.Qd2 c5 8.O-O-O 
cxd4 9.Bxd4 a6 10.Kb1 b6 11.g4 Bb7 12.Nge2 Ne5 13.Bxe5 dxe5 14.Qxd8 Rfxd8 
15.Bg2 e6 16.Na4 Nd7 17.b3 Bh6 18.Kc2 b5 19.Nb2 b4 20.Rd6 Bf8 21.Rd2 Bh6 
22.Rd6 Bf8 23.Rd3 Nc5 24.Rxd8 Rxd8 25.Nc1 a5 26.Ncd3 f6 27.Rd1 Rd4 28.g5 
f5 29.exf5 gxf5 30.Nxe5 Rxd1 31.Kxd1 Bd6 32.Nbd3 Nxd3 33.Nxd3 Bxh2 34.Ke2 
Bd6 35.Kf2 e5 36.Bh3 e4 37.Ne1 f4 38.Bf5 e3+ 39.Ke2 Be7 40.g6 h5 41.Ng2 
Bg5 42.Bd7 h4 43.Ne1 Be7 44.Kf1 Kg7 45.Bf5 Bc6 46.Kg2 Be8 47.Nd3 Bg5 48.c5
Bxg6 49.Bxg6 Kxg6 50.c6 Bd8 51.Nxf4+ Kf5 52.Nd3 Ke6 53.f4 Kd5 54.Kf3 Kxc6 
55.Kxe3 Kd5 56.Nb2 Bc7 57.Nc4 a4 58.f5 a3 59.Kf3 h3 60.Ne3+ Ke5 61.f6 Ke6 
62.Ng4 Bd6 63.Kf2 Kf5 64.Kf3 h2 65.Ne3+ Kxf6 66.Kg2 Kg5 67.Nf1 Kf5 68.Nxh2
Ke4 69.Ng4 Kd3 70.Kf3 Bc5 71.Ne5+ Kc2 72.Ke2 Bd6 73.Nc6 Bc5 74.Ne5 Bf8 75.
Nc6 Bc5 76.Ne5 Bf8 77.Nc6 1/2-1/2

[Event "zonal 1.5"]
[Site "Yerevan ARM"]
[Date "2000.06.12"]
[Round "6"]
[White "Asrian, Karen"]
[Black "Kotronias, Vasilios"]
[Result "1/2-1/2"]
[WhiteElo "2572"]
[BlackElo "2539"]
[EventDate "2000.06.07"]
[PlyCount "47"]

1.e4 c5 2.Nf3 Nc6 3.d4 cxd4 4.Nxd4 Nf6 5.Nc3 d6 6.Bg5 e6 7.Qd2 Be7 8.O-O-O
O-O 9.f4 Nxd4 10.Qxd4 Qa5 11.Bc4 Bd7 12.e5 dxe5 13.fxe5 Bc6 14.Bd2 Nd7 15.
Nd5 Qd8 16.Nxe7+ Qxe7 17.Rhe1 Rfe8 18.Bf1 a5 19.Qg4 Qc5 20.Bc3 Bd5 21.Bd3 
b5 22.Kb1 b4 23.Bd4 Qc7 24.Re3 1/2-1/2

[Event "zonal 1.5"]
[Site "Yerevan ARM"]
[Date "2000.06.12"]
[Round "6"]
[White "Halkias, Stelios"]
[Black "Anastasian, Ashot"]
[Result "1/2-1/2"]
[WhiteElo "2482"]
[BlackElo "2606"]
[EventDate "2000.06.07"]
[PlyCount "106"]

1.d4 Nf6 2.c4 e6 3.Nf3 b6 4.Nc3 Bb4 5.Bg5 h6 6.Bh4 Bxc3+ 7.bxc3 d6 8.Nd2 
Bb7 9.f3 c5 10.e4 Nc6 11.d5 Ne5 12.Be2 Ng6 13.Bf2 O-O 14.g3 Re8 15.O-O Qd7
16.Re1 Ba6 17.Kg2 Re7 18.Nf1 Rae8 19.Ne3 h5 20.a4 Ne5 21.h4 g6 22.Qc2 Kh7 
23.Ra2 exd5 24.cxd5 Bxe2 25.Qxe2 Ng8 26.c4 Nh6 27.Qc2 Kg8 28.a5 bxa5 29.
Rxa5 Nxf3 30.Kxf3 Qh3 31.Ra2 Ng4 32.Nxg4 hxg4+ 33.Kf4 Re5 34.Rxa7 Qg2 35.
Ra3 Kh7 36.Re2 f5 37.Kg5 fxe4+ 38.Kxg4 e3 39.Ra7+ R8e7 40.Rxe7+ Rxe7 41.
Bxe3 Re4+ 42.Bf4 Rxe2 43.Qb1 Re7 44.Bxd6 Re4+ 45.Kg5 Qd2+ 46.Bf4 Qe2 47.
Kf6 Re7 48.Qxg6+ Kh8 49.Qh6+ Kg8 50.Qg6+ Kh8 51.Bd6 Rf7+ 52.Qxf7 Qe5+ 53.
Kg6 Qg5+ 1/2-1/2